| 000 | 00635nas a22002057a 4500 | ||
|---|---|---|---|
| 005 | 20260601112753.0 | ||
| 008 | 260601b20052015poran|p| ||||s10| z por d | ||
| 040 | _cBR-ViAPE | ||
| 245 | _aPrêmio Don Luís Gonzaga Fernandes | ||
| 260 |
_aVitória _c2005-2015 |
||
| 300 |
_av. _bil. |
||
| 310 | _aAnual | ||
| 362 | _a2005-2015 | ||
| 500 | _aColeção incompleta: disponíveis apenas alguns números do periódico. | ||
| 650 |
_2Atos Políticos _xSocial _xDireitos Humanos _zEspírito Santo |
||
| 651 |
_aEspírito Santo (Brasil) _vPeriódico |
||
| 710 | _aGoverno do Estado do Espírito Santo | ||
| 942 |
_2ddc _cPER _n1 |
||
| 999 |
_c739 _d739 |
||